Datum a čas kvízu
28
Celkem bodů
Celkový počet nahraných bodů na tomto kvízu bez doplňovacích otázek.
3.
Pořadí na kvízu
Konečné umístění týmu na tomto kvízu.
Zaznamenané odpovědi
| # | Otázka | Odpověď | Body | Výsledky |
|---|---|---|---|---|
| 1. | Ekonomka a bývalá rektorka brn... | Danuše Nerudová | 1 | |
| 2. | Do Venezuely dorazila bílá lví... | z Hodonína | 0 | |
| 3. | Nejsledovanější kauza současno... | 15 milionů USD | 1 | |
| 4. | Dvě velké banky se v České rep... | Komerční banka, Moneta | 1 | |
| 5. | Britský fotbalový fanoušek dos... | Alex Fergusson | 1 | |
| 6. | V dalším díle této tematické s... | arapaima | 0 | |
| 7. | Paulinie nápojná je známá hlav... | guarana | 0 | |
| 8. | Tento jihoamerický dravý pták... | kondor | 1 | |
| 9. | S podobně vypadajícím zvířetem... | ocelot | 1 | |
| 10. | Tato zelenina pochází z Jižní... | ačokča | 1 |